Nathalie van reeth : (Record no. 353658)
[ view plain ]
| 000 -LEADER | |
|---|---|
| fixed length control field | 00832nam a2200253 a 4500 |
| 001 - CONTROL NUMBER | |
| control field | ASIN9089440208 |
| 003 - CONTROL NUMBER IDENTIFIER | |
| control field | OSt |
| 005 - DATE AND TIME OF LATEST TRANSACTION | |
| control field | 20180116192414.0 |
| 008 - FIXED-LENGTH DATA ELEMENTS--GENERAL INFORMATION | |
| fixed length control field | 130214s2009 xxu eng d |
| 020 ## - INTERNATIONAL STANDARD BOOK NUMBER | |
| International Standard Book Number | 9089440208 (hardcover) |
| Terms of availability | $125.00 |
| 020 ## - INTERNATIONAL STANDARD BOOK NUMBER | |
| International Standard Book Number | 9789089440204 (hardcover) |
| 040 ## - CATALOGING SOURCE | |
| Transcribing agency | del |
| 082 ## - DEWEY DECIMAL CLASSIFICATION NUMBER | |
| Classification number | 729.092 |
| 245 00 - TITLE STATEMENT | |
| Title | Nathalie van reeth : |
| Remainder of title | A&d series 9 / |
| 260 ## - PUBLICATION, DISTRIBUTION, ETC. | |
| Place of publication, distribution, etc. | Enghien : |
| Name of publisher, distributor, etc. | Beta-Plus (Acc), |
| Date of publication, distribution, etc. | 2009. |
| 300 ## - PHYSICAL DESCRIPTION | |
| Extent | 200 p. ; |
| Dimensions | 34 cm. |
| 520 ## - SUMMARY, ETC. | |
| Summary, etc. | A monograph on one of Belgium's leading architects. |
| 600 ## - SUBJECT ADDED ENTRY--PERSONAL NAME | |
| Personal name | Nathalie van reeth |
| 9 (RLIN) | 6375 |
| 650 ## - SUBJECT ADDED ENTRY--TOPICAL TERM | |
| Topical term or geographic name entry element | Interior architecture |
| 9 (RLIN) | 6376 |
| 650 ## - SUBJECT ADDED ENTRY--TOPICAL TERM | |
| Topical term or geographic name entry element | Interior decoration |
| 9 (RLIN) | 6377 |
| 856 40 - ELECTRONIC LOCATION AND ACCESS | |
| Materials specified | Amazon.com |
| Uniform Resource Identifier | <a href="http://www.amazon.com/exec/obidos/ASIN/9089440208/chopaconline-20">http://www.amazon.com/exec/obidos/ASIN/9089440208/chopaconline-20</a> |
| 942 ## - ADDED ENTRY ELEMENTS (KOHA) | |
| Source of classification or shelving scheme | |
| Koha item type | Reference |
| Withdrawn status | Lost status | Source of classification or shelving scheme | Damaged status | Not for loan | Permanent Location | Current Location | Date acquired | Total Checkouts | Full call number | Barcode | Date last seen | Copy number | Cost, replacement price | Price effective from | Koha item type |
|---|---|---|---|---|---|---|---|---|---|---|---|---|---|---|---|
| School of Art Design and Architecture (SADA) | School of Art Design and Architecture (SADA) | 08/27/2012 | REF 729.092 NAT 2009 | SADA0001851 | 02/15/2013 | 1 | 9750.00 | 02/15/2013 | Reference |
